Statistics for Ash's XYZ Pokemon team

Click here to take the quiz!

General Stats

  • This quiz has been taken 370 times
  • The average score is 4 of 6

Answer Stats

Answer% Correct
Greninja
89%
Pikachu
89%
Goodra
74%
Noivern
66%
Hawlucha
57%
Talonflane
2%

Score Distribution

Percentile by Number Answered

Percent of People with Each Score

Your Score History

You have not taken this quiz